000 00802nam a22002057a 4500
999 _c12792
_d12792
003 AR-CdUCM
008 190410b ||||| |||| 00| 0 spa d
040 _aMUNICIPALIDAD PROVINCIAL DEL CUSCO
_cBIBLIOTECA MUNICIPAL DEL CUSCO
082 _a129.64 /
_bUN53
100 _aUnamuno, Miguel de
_9458
245 _aAndanzas y visiones españolas /
260 _aEspaña :
_bArtes gráficas grijelmo,
_c1972.
300 _a379 paginas ;
_c19 cm.
505 _aContenido : Recuerdo de la granja de Moreruela -- De vuelta de la cumbre -- El silencio de la cima -- Ciudad, campo, paisaje y recuerdos -- Hacia el escorial...
650 _aEnsayos descriptivos
_99887
650 _aViaje en la literatura
_930859
650 _aEnsayos filosóficos
_96877
942 _2ddc
_cLIBROS
945 _awnts
_d2019-04-10